=LDR 00000nam 2200000 4500 =001 000642 =005 20250712122627 =035 ##$$a 0010-0725000510 =007 ta =008 250712################a##########0#ind## =020 ##$$a 978-602-1101-50-6 =100 #$$a Sabaniah =245 1#$$a Perkedel Ikan Bubuk /$c Sabaniah =260 ##$$a Bandung Barat :$b Yayasan Litara,$c 2021 =300 ##$$a 20 hlm : $b Ilus. ; $c 29,7 cm =856 ##$$a TBM As-Suhada =082 ##$$a 398.209 598 =084 ##$$a 398.209 598 SAB p =990 ##$$a TBM202400410